000
00186nam a22000977a 4500
082
_a
894.812
_b
UNK/G
100
_a
UNKNOWN
245
_a
GEETANJALI
650
_a
MALAYALAM STORY
942
_c
BK
999
_c
7655
_d
7655